Visualizzazione normale
Vista MARC
di Personal Name
Records bibliografici associati: 1
001 - CONTROL NUMBER
- control field: 23354
003 - CONTROL NUMBER IDENTIFIER
- control field: IT-RoPau
005 - DATE AND TIME OF LATEST TRANSACTION
- control field: 20140501111326.0
008 - FIXED-LENGTH DATA ELEMENTS
- fixed length control field: 140501|| aca||aabn | a|a d
040 ## - CATALOGING SOURCE
- Original cataloging agency: IT-RoPau
- Transcribing agency: IT-RoPau
100 ## - HEADING--PERSONAL NAME
- Personal name:
- Relator term: Autore musica
670 ## - SOURCE DATA FOUND
- Source citation: Work cat.: (IT-RoPau)101882: Oldfield Mike 9697, Islands (Cdv 2466)